Central Library OPAC University of Rajshahi

Linear and stereoregular addition polymers : (Record no. 71985)

MARC details
000 -LEADER
fixed length control field 00913nam a2200265 a 4500
001 - CONTROL NUMBER
control field 71985
003 - CONTROL NUMBER IDENTIFIER
rucl marc code BD-RjUL
005 - DATE AND TIME OF LATEST TRANSACTION
control field 20211209082209.0
008 - FIXED-LENGTH DATA ELEMENTS--GENERAL INFORMATION
fixed length control field 170511s1959 ny 001 0 eng
035 ## - SYSTEM CONTROL NUMBER
System control number (BD-RjUL)72201
040 ## - CATALOGING SOURCE
Original cataloging agency DLC
Transcribing agency OAkU
Modifying agency BD-RjUL
Language of cataloging eng
041 ## - LANGUAGE CODE
Language code of text/sound track or separate title eng
082 ## - DEWEY DECIMAL CLASSIFICATION NUMBER
Classification number 547.84
Edition number 23
Author mark and year GAL 1959
100 1# - MAIN ENTRY--PERSONAL NAME
Personal name Gaylord, Norman G.
9 (RLIN) 212916
245 10 - TITLE STATEMENT
Title Linear and stereoregular addition polymers :
Remainder of title polymerization with controlled propagation /
Statement of responsibility, etc. by Norman G. Gaylord and Herman F. Mark. Foreword by Giulio Natta.
260 ## - PUBLICATION, DISTRIBUTION, ETC. (IMPRINT)
Place of publication, distribution, etc. New York :
Name of publisher, distributor, etc. Interscience Publishers,
Date of publication, distribution, etc. 1959.
300 ## - PHYSICAL DESCRIPTION
Pagination x, 571 p. :
Illustrations ill. ;
Size 24 cm.
500 ## - GENERAL NOTE
General note Includes index
650 #0 - SUBJECT ADDED ENTRY--TOPICAL TERM
Topical term or geographic name as entry element Polymers.
9 (RLIN) 212918
700 1# - ADDED ENTRY--PERSONAL NAME
Personal name Mark, H. F.
Fuller form of name (Herman Francis),
Dates associated with a name 1895-1992,
Relator term joint author.
830 ## - SERIES ADDED ENTRY--UNIFORM TITLE
Uniform title Polymer reviews,
942 ## - ADDED ENTRY ELEMENTS (KOHA)
Source of classification or shelving scheme Dewey Decimal Classification
Koha item type Books
Holdings
Lost status Source of classification or shelving scheme Damaged status Not for loan Collection code Permanent Location Current Location Shelving location Date acquired Source of acquisition Cost, normal purchase price Total Checkouts Full call number Date last seen Copy number Koha item type
  Dewey Decimal Classification   Not For Loan Non-fiction Central Library, University of Rajshahi Central Library, University of Rajshahi Reading Room 29/11/1965 Zeitlinger 148.00   547.84 GAL 1959 11/05/2017 C-1 Books
  Dewey Decimal Classification     Non-fiction Central Library, University of Rajshahi Central Library, University of Rajshahi   29/11/1965 Zeitlinger 148.00   547.84 GAL 1959 16/05/2017 C-2 Books
  Dewey Decimal Classification     Non-fiction Central Library, University of Rajshahi Central Library, University of Rajshahi   29/11/1965 Zeitlinger 148.00   547.84 GAL 1959 16/05/2017 C-3 Books